Culture Générale - Série 388 - Statistiques

Statistiques générales
  • Ce quiz a été pris 394 fois
  • Le résultat moyen est 8 sur 10
Statistiques - réponses
Question Réponse % Correct
Quelle partie du visage démesurée caractérise Cyrano de Bergerac dans l'oeuvre d'Edmond Rostand ? . Le nez
99%
Dans la chanson de Barbara, quelle est la couleur de l'aigle ? Noir
98%
Selon l'expression, quand on est paresseux, on a un poil dans la... Main
97%
Quel adjectif de quatre lettres qualifie le mardi qui précède le carême ? Gras
90%
Quel terme désigne la phobie des lieux clos ou l'angoisse d'être enfermé ? La claustrophobie
90%
Quel chef du gouvernement britannique des années 1980 était surnommé la "Dame de fer" ? Margaret Thatcher
90%
En anatomie, quel os long de la jambe est situé en avant du péroné ? Le tibia
88%
Quel os long, articulé avec le cubitus compose l'avant-bras ? Le radius
76%
Dans le film "Le Père Noël est une ordure", qui interprète le rôle de Katia ? Christian Clavier
44%
Dans "Le Père Noël est une ordure", quel est le prénom du personnage interprété par Gérard Jugnot? Félix
39%
Aucun quiz correspondant
Distribution des résultats
% des personnes avec chaque résultat
Percentile par nombre de réponses
Votre historique - résultats
Vous n’avez pas pris ce quiz